Statistics for Middle East Cities Map Quiz

Click here to take the quiz!

General Stats

  • This quiz has been taken 568 times
  • The average score is 16 of 28

Answer Stats

#City% Correct
circle1Abu Dhabi
87%
circle3Amman
77%
circle8Damascus
75%
circle11Dubai
75%
circle5Baghdad
74%
circle19Medina
74%
circle6Beirut
71%
circle20Mosul
70%
circle17Mashhad
69%
circle15Kuwait City
68%
circle12Istanbul
67%
circle7Cairo
66%
circle21Muscat
65%
circle13Izmir
63%
circle16Luxor
62%
circle24Sana'a
62%
circle25Sharm el Sheikh
62%
circle4Ankara
60%
circle23Riyadh
60%
circle26Shiraz
57%
circle14Jerusalem
56%
circle2Alexandria
50%
circle10Doha
43%
circle18Mecca
41%
circle27Tehran
21%
circle28Tel Aviv
21%
circle9Dammam
15%
circle22Nicosia
15%

Score Distribution

Percentile by Number Answered

Percent of People with Each Score

Your Score History

You have not taken this quiz